Methods of seawater analysis

Salvato in:
Dettagli Bibliografici
Autori principali: Grasshoff, Klaus (Autore), Ehrhardt, Manfred (Autore), Kremling, Klaus (Autore)
Natura: Libro
Lingua:inglese
Pubblicazione: Weinheim Verlag Chemie 1983
Edizione:2a. ed
Soggetti:
Tags: Aggiungi Tag
Nessun Tag, puoi essere il primo ad aggiungerne!!

MARC

LEADER 00000nam a2200000 a 4500
001 UCV5062
003 CL-VaPUC
008 920603e19830000GW |||||||||||||||||eng|d
082 0 4 |a 551.464  |b GRA  |2 21 
100 0 |a Grasshoff, Klaus  |e author  |9 299318 
700 0 |a Ehrhardt, Manfred  |e author  |9 299319 
700 0 |a Kremling, Klaus  |e author  |9 299320 
245 1 0 |a Methods of seawater analysis 
250 |a 2a. ed 
300 |a 419 p 
942 |c BK 
945 |d 19920603 00:00:00  |a mfernand 
260 |a Weinheim  |b Verlag Chemie  |c 1983 
650 0 |a Aguas marinas  |9 261166 
583 |a last modification  |c 19920603 00:00:00  |k Rodrigo Vera 
999 |c 211663  |d 211661 
952 |0 0  |1 2  |4 0  |6 551_464000000000000_GRA_1983  |7 0  |8 A  |9 191502  |a BIBRNT  |b BIBRNT  |d 2019-11-14  |i 2590573  |o 551.464 GRA 1983  |p 2590573  |r 2019-11-14  |w 2019-11-14  |y BK  |k CIM 
952 |0 0  |1 0  |4 0  |6 551_464000000000000_GRA_1983  |7 0  |8 CCM  |9 191503  |a BIBCUR  |b BIBCUR  |d 2019-11-14  |i 3032310  |o 551.464 GRA 1983  |p 3032310  |r 2025-04-22  |w 2019-11-14  |y BK  |k CIM